| 000 | | | 03943nac2a22002773x 450 |
| 001 | | | 055e3b6f-8c3e-4739-acdf-6c2d81d0e825 |
| 005 | | | 20230630232543.0 |
| 100 | ## | $a | 20230605l19291929k y0rusy50 ca |
| 101 | 0# | $a | rus |
| 102 | ## | $a | RU |
| 105 | ## | $a | y z ||||| |
| 122 | 2# | $a | d19290913 |
| | $a | d19290914 |
| 200 | 1# | $a | Об освобождении тов. Кагановича от работ в составе редакции журнала "Советское строительство" |
| | $j | 13.09.1929 - 14.09.1929 |
| 215 | ## | $a | 2 листа |
| | $d | 38,3 х 25,7 |
| 251 | ## | $c | Дело |
| 300 | ## | $a | В деле обратная нумерация |
| 300 | ## | $a | Машинописный и рукописный текст |
| 324 | ## | $a | В деле имеются копии отдельных документов |
| 461 | #0 | $1 | 001796d4672-8a00-4986-b488-6e42273792cc |
| | $1 | 2001 |
| | $a | ЦЕНТРАЛЬНЫЙ ИСПОЛНИТЕЛЬНЫЙ КОМИТЕТ СССР (ЦИК СССР). |
| | $1 | 251 |
| | $c | Фонд |
| | $1 | 852 |
| | $g | Р |
| | $j | 3316 |
| 462 | #0 | $1 | 0016e6e8ba4-e15f-4ad4-8937-f1e88c150bfe |
| | $1 | 2001 |
| | $a | Дела Секретариата Президиума ЦИК Союза ССР. 1929 г. |
| | $v | Д. 350 |
| | $1 | 251 |
| | $c | Опись |
| | $1 | 852 |
| | $j | 22 |
| 600 | #1 | $a | Каганович |
| 601 | 01 | $3 | RU\NLR\AUTH\880357276 |
| | $a | СССР |
| | $b | ЦИК |
| 601 | 02 | $a | "Советское строительство", журнал |
| 801 | #0 | $a | RU |
| | $b | GA_RF |
| 801 | #1 | $a | RU |
| | $b | ГлавНИВЦ |
| | $c | 20230605 |
| | $2 | rusmarc |
| 801 | #2 | $a | RU |
| | $b | ПБ им. Б.Н. Ельцина |
| | $c | 20230630 |
| | $g | RCR |
| | $2 | rusmarc |
| 852 | ## | $a | ГА РФ |
| | $j | 350 |
| 937 | ## | $d | 185909449 |
| | $h | ГАРФ |
| 035 | ## | $a | RuPRLIB51072243 |
| 856 | ## | $u | http://readingroom.main.prlib.ru/item.aspx?id_node=n185909449&mode=full |